Voyages and travels into Brasil and the East Indies; their provinces, cities, living creatures, and products; the manners, customs, habits, and religion of the inhabitans with a particular account of all the remarcable passages that happened during the author's stay of nine years in Brasil; specially in relation to the revolt of the portugueses, and the intestine war carried on there from 1640 to 1649. As also a most ample description of the most famous city of Batavia in the East Indies. Both adorned with copper plates, done after the life. Translated from the dutch original

保存先:
書誌詳細
主要な著者: Nieuhoff, John (著者), Smith, John (著者), James, Thomas (著者), Gellibrand, Henry (著者), Iskowitz Backhoff, Feodor (著者), Wagener, Zacarías (著者), Colón, Fernando (著者), Greaves, John (著者), Selden, John (著者), Borri, S.J., Christopher (著者)
フォーマット: 図書
言語:英語
ラテン語
出版事項: Londres Henry Lintot and John Osborn 1744
版:3a. ed
シリーズ:Collection of Voyages and Travels, II
主題:
タグ: タグ追加
タグなし, このレコードへの初めてのタグを付けませんか!

MARC

LEADER 00000nam a2200000 a 4500
001 UCJ8018
003 CL-VaPUC
008 070124e17440000UK |||||||||||||||||eng|d
041 0 7 |a eng  |2 CL-VaPUC 
041 0 7 |a lat  |2 CL-VaPUC 
082 0 4 |a 910.4  |b NIE  |2 21 
100 |a Nieuhoff, John  |e author  |9 516621 
700 0 |a Smith, John  |e author  |9 516622 
700 0 |a James, Thomas  |e author  |9 510659 
700 0 |a Gellibrand, Henry  |e author  |9 516623 
700 0 |a Iskowitz Backhoff, Feodor  |e author  |9 516624 
700 0 |a Wagener, Zacarías  |e author  |9 516625 
700 0 |a Colón, Fernando  |e author  |9 513955 
700 0 |a Greaves, John  |e author  |9 516626 
700 0 |a Selden, John  |e author  |9 516627 
700 0 |a Borri, S.J., Christopher  |e author  |9 516628 
245 1 0 |a Voyages and travels into Brasil and the East Indies; their provinces, cities, living creatures, and products; the manners, customs, habits, and religion of the inhabitans with a particular account of all the remarcable passages that happened during the author's stay of nine years in Brasil; specially in relation to the revolt of the portugueses, and the intestine war carried on there from 1640 to 1649. As also a most ample description of the most famous city of Batavia in the East Indies. Both adorned with copper plates, done after the life. Translated from the dutch original 
246 1 4 |a The true travels, adventures and observations of captain John Smith, into Europe, Asia, Africa and America from Anno Dom. 1593, to 1629 
246 1 0 |a Two journals: the first kept by seven sailers in Greenland; the second kept by seven other sailers at Spitzbergen, in the years 1633 and 1634 
246 1 2 |a A true and short account of forty two persons who perished by shipwreck near Spitzbergen in the year 1646 
246 1 3 |a An account of Iseland sent to monsieur de la Mothe de Vayer 
246 1 2 |a A short journal of seven other seamen, who being left in 1634 at Spitzbergen, to pafs the Winter, died there in 1635 
246 1 3 |a An account of Greenland, sent to monsieur de la Mothe de Vayer 
246 1 0 |a Captain Thomas James's strange and dangerous voyage in his intended discovery of the north west passage into the south sea, in the years 1631 and 1632. Wherein the miseries indured, both going, wintering, returning, and the rarities obferved, both philisophical and mathematical, are related at large. Published by his majesty's command. To which are added a plat or card for the failing in those seas: also divers litle tables of the author's of the variation of the compass, etc. With an appendix concerning longitude, By Mr. Henry Gellibrand, astronomy reader of Gresham College, London and an advice concerning the philosophy of these late discoveries, By W. W. Printed for Henry Lintot, and John Osborn, at the Golden Ball in Paternoster Row 
246 1 3 |a An account of two voyages: the first, of Feodor Iskowitz Backhoff, the muscovite envoy, into China. The second, of Mr. Zachary Wagener, a native of Dresden in Misnia, thro'a great part of the world, as also in China. Translated from the high dutch original printed at Berlin. Printed for Henry Lintot and John Osborn, at the Golden Bal in Paternoster Row 
246 1 4 |a The history of the life and actions of Adm. Christopher Columbus, and of his discovery of the West Indies, call'd the New World, now in possession of his catholic majesty. Written by his own Son D. Ferdinan Columbus 
246 1 0 |a Pyramidographia: or, a description of the pyramids in Egypt. By John Greaves, professor of astronomy in the Univerfity of Oxford 
246 1 2 |a A discourse of the roman foot and Denarius: from whence, as from from two principles, the measures and weights used by the ancients may be deduced 
246 1 3 |a An account of Cochinchina in two parts. The first treats of the temporal state of that Kingdom. The second, of the spiritual 
250 |a 3a. ed 
300 |a 743 p 
942 |c BK 
945 |d 20070124 00:00:00  |a rinostro 
260 |a Londres  |b Henry Lintot and John Osborn  |c 1744 
500 |a Folio, media pasta.- Front.: Retrato de John Nieuhoff (grabado).- Anteport.- v. en b.- Port.- v.: Advertencia de Nieuhoff al lector.- Apostillado.- Intonso.- Ilustraciones y mapas conforme al Indice de la obra, que figura en el volumen 1§ de la Colección 
600 0 7 |a GROOTENBROOK, OUTGERT JACOBSON DE  |2 CL-VaPUC  |9 516629 
600 0 7 |a CARMAN, ADRIAN MARTIN  |2 CL-VaPUC  |9 516630 
600 0 7 |a THAUNISSEN, THAUNISS  |2 CL-VaPUC  |9 516631 
600 0 7 |a PETERSON, DICK  |2 CL-VaPUC  |9 516632 
600 0 7 |a PETERSON, PETER  |2 CL-VaPUC  |9 516633 
600 0 7 |a GYFE, SEBASTIAN  |2 CL-VaPUC  |9 516634 
600 0 7 |a BEAUTIN,GERED  |2 CL-VaPUC  |9 516635 
600 0 7 |a JOHNSON, ANDREW  |2 CL-VaPUC  |9 442824 
600 0 7 |a THYSSE, CORNELIO  |2 CL-VaPUC  |9 516636 
600 0 7 |a CARCOEN, JERONIMO  |2 CL-VaPUC  |9 516637 
600 0 7 |a JELLIS, TIEBKE  |2 CL-VaPUC  |9 516638 
600 0 7 |a FLORISON, NICOLAS  |2 CL-VaPUC  |9 516639 
600 0 7 |a JOHNSON, ADRIAN  |2 CL-VaPUC  |9 516640 
600 0 7 |a OTTERS, FETJE  |2 CL-VaPUC  |9 516641 
650 7 |a IAJES  |2 CL-VaPUC  |9 516642 
650 0 |a Descubrimientos geográficos  |9 331933 
650 0 |a Expediciones científicas  |9 265222 
650 0 |a Población  |9 257577 
650 0 |a Aborígenes  |9 329972 
650 7 |a GUERRAS COLONIALES  |2 CL-VaPUC  |9 507173 
650 7 |a FAUNA  |2 CL-VaPUC  |9 349523 
650 0 |a Recursos naturales  |9 255232 
650 0 |a Cultura  |9 269059 
650 0 |a Ilustraciones  |9 369481 
650 7 |a EX LIBRIS  |2 CL-VaPUC  |9 505186 
650 0 |a Mapas  |9 260844 
650 7 |a PLANOS  |2 CL-VaPUC  |9 260106 
650 7 |a PIRATAS  |2 CL-VaPUC  |9 317855 
650 7 |a DIARIO  |2 CL-VaPUC  |9 441581 
650 7 |a BITACORAS  |2 CL-VaPUC  |9 505686 
650 0 |a Naufragios  |9 317857 
650 0 |a Arqueología   |9 265619 
650 0 |a Monumentos  |9 265246 
650 0 |a Numismática  |9 318332 
650 7 |a PIRAMIDES  |2 CL-VaPUC  |9 310788 
650 7 |a PESOS Y MEDIDAS  |2 CL-VaPUC  |9 504825 
650 7 |a PIE ROMANO  |2 CL-VaPUC  |9 516643 
651 0 |a Brasil  |9 267393 
651 7 |a AMAZONAS  |2 CL-VaPUC  |9 510758 
651 7 |a INDIAS ORIENTALES  |2 CL-VaPUC  |9 511421 
651 7 |a BATAVIA  |2 CL-VaPUC  |9 516644 
651 7 |a ESTADOS UNIDOS DE AMERICA  |2 CL-VaPUC  |9 505454 
651 0 |a África  |9 256790 
651 7 |a GROENLANDIA  |2 CL-VaPUC  |9 393402 
651 0 |a China   |9 257545 
651 7 |a COCHINCHINA  |2 CL-VaPUC  |9 506038 
583 |a last modification  |c 20070124 00:00:00  |k Rodrigo Vera 
490 0 |a Collection of Voyages and Travels, II 
999 |c 323878  |d 323876 
952 |0 0  |1 0  |4 0  |6 910_400000000000000_NIE_1744  |7 0  |8 ?  |9 403714  |a FDOBUD  |b FDOBUD  |d 2019-11-22  |i 1071637  |o 910.4 NIE 1744  |p 1071637  |r 2019-11-22  |w 2019-11-22  |y BK  |k BUD